Contes de Charles Nodier. (Record no. 160719)

MARC details
000 -LEADER
campo de control de longitud fija 01012nam a2200253 i 4500
001 - NÚMERO DE CONTROL
campo de control 160719
003 - IDENTIFICADOR DE NÚMERO DE CONTROL
campo de control ES-MaACL
005 - FECHA Y HORA DE LA ÚLTIMA TRANSACCIÓN
campo de control 20230906212120.0
008 - DATOS DE LONGITUD FIJA--INFORMACIÓN GENERAL
campo de control de longitud fija 041008q18451900fr a |||| | fre d
040 ## - FUENTE DE CATALOGACIÓN
Centro catalogador/agencia de origen CAM
Lengua de catalogación spa
Centro/agencia transcriptor CAM
100 1# - ENTRADA PRINCIPAL--NOMBRE DE PERSONA
Nombre de persona Nodier, Charles.
9 (RLIN) 85818
245 10 - MENCIÓN DEL TÍTULO
Título Contes de Charles Nodier.
260 ## - PUBLICACIÓN, DISTRIBUCIÓN, ETC.
Lugar de publicación, distribución, etc. [S.l :
Nombre del editor, distribuidor, etc. s.n.,
Fecha de publicación, distribución, etc. s.a.] (
Lugar de fabricación/manufactura Mesnil :
Fabricante Imprimé par H. Didot)
300 ## - DESCRIPCIÓN FÍSICA
Extensión 48 p. :
Otras características físicas il. ;
Dimensiones 30 cm.
490 1# - MENCIÓN DE SERIE
Mención de serie Les chefs-d'oeuvre de la littérature et de l'illustration
505 8# - NOTA DE CONTENIDO CON FORMATO
Nota de contenido con formato Contiene: Premiere partie: La fée aux miettes, Le songe d'or, La légende de la soeur Béatrix
594 ## - Nota al título y mención de responsabilidad
Nota al título y mención de responsabilidad Tit. tomado de comienzo de texto.
596 ## - NOTA AL PIE DE IMPRENTA
NOTA AL PIE DE IMPRENTA Pie de imp. tomado de colofón.
596 ## - NOTA AL PIE DE IMPRENTA
NOTA AL PIE DE IMPRENTA Probablemente impreso entre 1845 y 1900.
598 ## - NOTA LOCAL
Nota local Serie precede al tit.
830 0# - PUNTO DE ACCESO ADICIONAL DE SERIE-TÍTULO UNIFORME
Título uniforme Les chefs-d'oeuvre de la littérature et de l'illustration
9 (RLIN) 222070
852 ## - LOCALIZACIÓN
Ubicación ES-MaACL
Número de control de estantería R-1705(5)
Nota libre -- Enc. hol.
condición física -- Sólo "premiere partie"
Nota libre -- Enc. en un vol. facticio
Holdings
Estatus retirado Estado de pérdida Estado de daño No para préstamo Biblioteca de origen Biblioteca actual Ubicación en estantería Fecha de adquisición Total de préstamos Signatura topográfica completa Código de barras Visto por última vez Precio de reemplazo Tipo de ítem Koha
        Biblioteca del Ateneo de Madrid Biblioteca del Ateneo de Madrid Depósito 17/01/2008   R-1705(5) 1168301 23/02/2023 23/02/2023 Libro impreso